[Event "GER-chT U16"]
[Site "Naumburg"]
[Date "2010.12.29"]
[Round "6.3"]
[White "Tunc, Devris"]
[Black "Valledor Pereira, Dominik Damian"]
[Result "1/2-1/2"]
[WhiteElo "815"]
[BlackElo "1531"]
[PlyCount "55"]
[EventDate "2010.12.27"]
[EventType "team-swiss"]
[EventRounds "7"]
[EventCountry "GER"]
[SourceTitle "CBM 140 Extra"]
[Source "ChessBase"]
[SourceDate "2011.03.01"]
[SourceVersion "1"]
[SourceVersionDate "2011.03.01"]
[SourceQuality "1"]
[WhiteTeam "Heilbronn"]
[BlackTeam "Lippstadt Turm"]
[WhiteTeamCountry "GER"]
[BlackTeamCountry "GER"]

1. d4 d5 2. c4 c6 3. Nc3 Nf6 4. Nf3 Nbd7 5. Qc2 e6 6. Bg5 Bd6 7. e4 dxe4 8. Nxe4 Be7 9. Bd3 h6 10. Bf4 0-0 11. 0-0 Nxe4 12. Bxe4 Nf6 13. Rad1 Bd6 14. Be5 Nxe4 15. Qxe4 Bxe5 16. dxe5 Qa5 17. a3 Rb8 18. Rd2 a6 19. Rfd1 Qc7 20. b4 c5 21. Rd3 cxb4 22. axb4 b6 23. Nh4 Bb7 24. Qf4 Bc6 25. Rg3 Kh8 26. h3 Rbd8 27. Rdd3 Rxd3 28. Rxd3 1/2-1/2